Statistiken für Länder nach Flüssen 3#

Klicken Sie hier um das Quiz zu spielen!

Allgemein

  • Dieses Quiz wurde 53 mal gespielt
  • Das Durchschnittsergebnis liegt bei 4 aus 14

Antwortstatistiken

HintAntwort% Korrekt
Euphrat; TigrisIrak
96%
Mekong; Siem Reap RiverKambodscha
73%
Nahr al Asi; EuphratSyrien
71%
Sambesi; TembeMosambik
56%
Degimendere; Nilüfer CayiTürkei
27%
Orava; Nitra; HornadSlowakei
17%
Al Archa; Kökart; KarakolKirgisistan
13%
Rio NievaPeru
12%
Cuyahoga River; Scioto RiverUSA
12%
Mngeni RiverSüdafrika
10%
Tuul Gol River; HerlenMongolei
6%
Swislatsch; MuchawezWeißrussland
6%
SesiaItalien
2%
Rio TurbioVenezuela
2%

Verteilung der Resultate

Perzentil nach korrekt beantworteten Fragen

Anzahl Personen mit jedem Resultat

Ihre Resultats-Entwicklung

Sie haben dieses Quiz noch nicht gespielt